000
00340nam a22001457a 4500
008
210311b ||||| |||| 00| 0 eng d
020
_a
9780130909954
041
_a
eng
080
_2
3rd
_a
338
082
_a
338
100
_a
53
101
_a
MAT
245
_a
Entrepreneurship Strategies and Resources
_c
Dollinger,M.J
942
_2
udc
_c
BK
999
_c
56297
_d
56297